| 000 -CABECERA |
| Longitud fija campo de control |
00889cam a2200313 i 4500 |
| 001 - NÚMERO DE CONTROL |
| Número de control |
991060403200506706 |
| 003 - IDENTIFICADOR DEL NÚMERO DE CONTROL |
| Identificador del número de control |
OSt |
| 005 - FECHA Y HORA DE LA ÚLTIMA TRANSACCIÓN |
| Fecha y hora de la última transacción |
20240306135009.0 |
| 008 - CÓDIGOS DE INFORMACIÓN DE LONGITUD FIJA |
| Códigos de información de longitud fija |
220309e202202 spc |00 0 cat|c |
| 015 ## - NÚMERO DE BIBLIOGRAFÍA NACIONAL |
| Número de bibliografía nacional |
LL2022 |
| Fuente |
bnc |
| 017 ## - NÚMERO DE COPYRIGHT O DE DEPÓSITO LEGAL |
| Número de copyright o de depósito legal |
DL B 1676-2022 |
| Agencia que asigna el número |
Biblioteca de Catalunya |
| 020 ## - NÚMERO INTERNACIONAL NORMALIZADO PARA LIBROS |
| Número Internacional Normalizado para Libros (ISBN) |
9788418857485 |
| 040 ## - FUENTE DE LA CATALOGACIÓN |
| Centro catalogador de origen |
ES-BaBAB |
| Lengua de catalogación |
cat |
| Normas de descripción |
rda |
| Centro transcriptor |
CDMR |
| 080 ## - NÚMERO DE LA CLASIFICACIÓN DECIMAL UNIVERSAL |
| Número de la Clasificación Decimal Universal |
911.3:32 |
| Identificador de la edición |
2004 |
| 080 ## - NÚMERO DE LA CLASIFICACIÓN DECIMAL UNIVERSAL |
| Número de la Clasificación Decimal Universal |
341.222 |
| Identificador de la edición |
2004 |
| 100 1# - PUNTO DE ACCESO PRINCIPAL-NOMBRE DE PERSONA |
| Nombre de persona |
Partal, Vicent |
| 9 (RLIN) |
3242 |
| 245 10 - MENCIÓN DE TÍTULO |
| Título |
Fronteres / |
| Mención de responsabilidad, etc. |
Vicent Partal |
| 250 ## - MENCIÓN DE EDICIÓN |
| Mención de edición |
2a ed. |
| 264 #1 - PRODUCCIÓN, PUBLICACIÓN , DISTRIBUCIÓN, FABRICACIÓN Y COPYRIGHT |
| Lugar de producción, publicación, distribución, fabricación |
Barcelona : |
| Nombre del productor, editor, distribuidor, fabricante |
Comanegra, |
| Fecha de de producción, publicación, distribución, fabricación o copyright |
2022 |
| 300 ## - DESCRIPCIÓN FÍSICA |
| Extensión |
252 pàgines ; |
| Dimensiones |
21 cm |
| 490 1# - MENCIÓN DE SERIE |
| Mención de serie |
Espores ; |
| Designación de volumen o secuencia |
3. |
| 500 ## - NOTA GENERAL |
| Nota general |
A la coberta: Aquelles línies que algú ha dibuixat sobre el mapa |
| 650 07 - PUNTO DE ACCESO ADICIONAL DE MATERIA - TÉRMINO DE MATERIA |
| Término de materia o nombre geográfico como elemento inicial |
Geografia política |
| Fuente del encabezamiento o término |
lemac |
| 650 07 - PUNTO DE ACCESO ADICIONAL DE MATERIA - TÉRMINO DE MATERIA |
| Término de materia o nombre geográfico como elemento inicial |
Fronteres |
| Fuente del encabezamiento o término |
lemac |
| 830 #0 - PUNTO DE ACCESO ADICIONAL DE SERIE - TÍTULO UNIFORME |
| Título uniforme |
Espores ; |
| Designación de volumen o secuencia |
3 |
| 908 ## - CONTROL DE PARÁMETROS (RLIN) |
| Parametro de comando lanzado |
BAB |
| -- |
BC |
| -- |
URV |
| -- |
CLR |
| -- |
UAB |
| 940 ## - |
| T&íacute;tulo uniforme |
<a href="BAB">BAB</a> |
| 942 ## - ENTRADA DE ELEMENTOS AGREGADOS (KOHA) |
| Fuente de clasificaión o esquema |
|
| Koha [por defecto] tipo de item |
Monografies |